<?xml version='1.0' encoding='UTF-8'?><?xml-stylesheet href='static/style.xsl' type='text/xsl'?><OAI-PMH xmlns="http://www.openarchives.org/OAI/2.0/" xmlns:xsi="http://www.w3.org/2001/XMLSchema-instance" xsi:schemaLocation="http://www.openarchives.org/OAI/2.0/ http://www.openarchives.org/OAI/2.0/OAI-PMH.xsd"><responseDate>2026-04-30T14:20:58Z</responseDate><request verb="GetRecord" identifier="oai:ebiltegia.mondragon.edu:20.500.11984/6923" metadataPrefix="marc">https://ebiltegia.mondragon.edu/oai/request</request><GetRecord><record><header><identifier>oai:ebiltegia.mondragon.edu:20.500.11984/6923</identifier><datestamp>2025-03-27T07:15:30Z</datestamp><setSpec>com_20.500.11984_473</setSpec><setSpec>col_20.500.11984_478</setSpec></header><metadata><record xmlns="http://www.loc.gov/MARC21/slim" xmlns:dcterms="http://purl.org/dc/terms/" xmlns:xsi="http://www.w3.org/2001/XMLSchema-instance" xmlns:doc="http://www.lyncode.com/xoai" xsi:schemaLocation="http://www.loc.gov/MARC21/slim http://www.loc.gov/standards/marcxml/schema/MARC21slim.xsd">
   <leader>00925njm 22002777a 4500</leader>
   <datafield ind2=" " ind1=" " tag="042">
      <subfield code="a">dc</subfield>
   </datafield>
   <datafield ind2=" " ind1=" " tag="720">
      <subfield code="a">Gómez, Irune</subfield>
      <subfield code="e">author</subfield>
   </datafield>
   <datafield ind2=" " ind1=" " tag="720">
      <subfield code="a">Arzadun, Paula</subfield>
      <subfield code="e">author</subfield>
   </datafield>
   <datafield ind2=" " ind1=" " tag="260">
      <subfield code="c">2025</subfield>
   </datafield>
   <datafield ind2=" " ind1=" " tag="520">
      <subfield code="a">Purpose – The purpose of this paper is to examine the overall state and trends of the SDGs concerning&#xd;
business model backgrounds. Since the adoption of the 2030 Agenda for Sustainable Development by&#xd;
the United Nations in 2015, encompassing the 17 Sustainable Development Goals (SDGs), there has&#xd;
been a substantial increase in publications highlighting the contributions of the SDGs. Recent research&#xd;
underscores the pivotal role of business models and management frameworks in advancing the SDGs.&#xd;
However, key information, such as theoretical approaches, the most influential authors, journals,&#xd;
articles, and keywords, has yet to be fully determined. To address this gap, a comprehensive analysis&#xd;
was conducted on 167 high-impact articles in the relevant field.</subfield>
   </datafield>
   <datafield ind2=" " ind1=" " tag="520">
      <subfield code="a">Objetivo – Desde la adopción de la Agenda 2030 para el Desarrollo Sostenible por las Naciones Unidas en&#xd;
2015, que incluye los 17 Objetivos de Desarrollo Sostenible (ODS), ha habido un aumento significativo en las&#xd;
publicaciones que destacan las contribuciones de los ODS. La investigación reciente subraya el papel&#xd;
fundamental de los modelos de negocio y de gestión en el avance de los ODS. Sin embargo, el estado de&#xd;
situación y las tendencias sobre los ODS en relación con los modelos de negocio siguen siendo inciertos, y aún&#xd;
no se ha determinado información crucial como los autores, revistas, artículos, palabras clave y enfoques&#xd;
teóricos más influyentes. Para abordar esta brecha, se realizó un análisis exhaustivo de 167 artículos de alto&#xd;
impacto en el campo relevante.</subfield>
   </datafield>
   <datafield ind1="8" ind2=" " tag="024">
      <subfield code="a">1536-5433</subfield>
   </datafield>
   <datafield ind1="8" ind2=" " tag="024">
      <subfield code="a">https://katalogoa.mondragon.edu/janium-bin/janium_login_opac.pl?find&amp;ficha_no=180312</subfield>
   </datafield>
   <datafield ind1="8" ind2=" " tag="024">
      <subfield code="a">https://hdl.handle.net/20.500.11984/6923</subfield>
   </datafield>
   <datafield tag="653" ind2=" " ind1=" ">
      <subfield code="a">Sustainable Development Goals</subfield>
   </datafield>
   <datafield tag="653" ind2=" " ind1=" ">
      <subfield code="a">business models</subfield>
   </datafield>
   <datafield tag="653" ind2=" " ind1=" ">
      <subfield code="a">business model innovation</subfield>
   </datafield>
   <datafield tag="653" ind2=" " ind1=" ">
      <subfield code="a">Circular economy</subfield>
   </datafield>
   <datafield ind2="0" ind1="0" tag="245">
      <subfield code="a">Sustainable development goals (SDGs) through business models: a bibliometric and content analysis</subfield>
   </datafield>
</record></metadata></record></GetRecord></OAI-PMH>